[Event "47. Memorial Capablanca - Elite"]
[Site "La Habana CUB"]
[Date "2012.05.05"]
[Round "2.1"]
[White "Potkin, Vladimir"]
[Black "Nepomniachtchi, Ian"]
[Result "1/2-1/2"]
[WhiteElo "2642"]
[BlackElo "2716"]
[PlyCount "55"]
[EventDate "2012.05.04"]
[EventType "tourn"]
[EventRounds "10"]
[EventCountry "CUB"]
[Source "lmi"]
[SourceDate "2012.05.04"]

1. c4 c5 2. Nf3 Nc6 3. Nc3 g6 4. e3 Nf6 5. d4 cxd4 6. exd4 d5 7. cxd5 Nxd5 8.
Qb3 e6 9. Bb5 Bg7 10. Bg5 Qb6 11. Qa3 f6 12. Nxd5 exd5 13. Bxc6+ bxc6 14. O-O
Kf7 15. Rfe1 Bf8 16. Qe3 fxg5 17. Qe8+ Kg7 18. Re7+ Bxe7 19. Qxe7+ Kg8 20. Qe8+
Kg7 21. Qe5+ Kg8 22. Qe8+ Kg7 23. Qe7+ Kg8 24. Nxg5 Qb7 25. Qe8+ Kg7 26. Qe5+
Kg8 27. Qe8+ Kg7 28. Qe5+ 1/2-1/2

[Event "47. Memorial Capablanca - Elite"]
[Site "La Habana CUB"]
[Date "2012.05.05"]
[Round "2.2"]
[White "Laznicka, Viktor"]
[Black "Quesada Perez, Yuniesky"]
[Result "1-0"]
[WhiteElo "2693"]
[BlackElo "2625"]
[PlyCount "83"]
[EventDate "2012.05.04"]
[EventType "tourn"]
[EventRounds "10"]
[EventCountry "CUB"]
[Source "lmi"]
[SourceDate "2012.05.04"]

1. d4 Nf6 2. c4 e6 3. Nc3 Bb4 4. e3 O-O 5. Bd3 d5 6. Nf3 c5 7. O-O dxc4 8. Bxc4
b6 9. Qe2 Bb7 10. Rd1 cxd4 11. Nxd4 Qe7 12. Bd2 Nbd7 13. a3 Bc5 14. Be1 a6 15.
b4 Bd6 16. Rac1 b5 17. Bb3 Rac8 18. f3 Ne5 19. Bg3 Rfd8 20. Bf2 Bb8 21. Na2 Nd5
22. Bg3 Nb6 23. Rxc8 Rxc8 24. e4 h6 25. Kf1 Qf6 26. Nc1 Nbc4 27. a4 bxa4 28.
Bxc4 Nxc4 29. Bxb8 Rxb8 30. Qxc4 Bxe4 31. Nce2 Bd5 32. Qc5 a3 33. Nc3 Rd8 34.
Nde2 a2 35. Qa5 Rd6 36. Nxa2 Rc6 37. Nac1 Qh4 38. h3 Qg5 39. Nd3 Rc2 40. Ndf4
Ra2 41. Qc7 Rb2 42. Nxd5 1-0

[Event "47. Memorial Capablanca - Elite"]
[Site "La Habana CUB"]
[Date "2012.05.06"]
[Round "3.3"]
[White "Nepomniachtchi, Ian"]
[Black "Laznicka, Viktor"]
[Result "1/2-1/2"]
[WhiteElo "2716"]
[BlackElo "2693"]
[PlyCount "136"]
[EventDate "2012.05.04"]
[EventType "tourn"]
[EventRounds "10"]
[EventCountry "CUB"]
[Source "lmi"]
[SourceDate "2012.05.04"]

1. e4 c6 2. Nf3 d5 3. Nc3 Bg4 4. h3 Bxf3 5. Qxf3 e6 6. d4 dxe4 7. Qxe4 Nf6 8.
Qh4 Nbd7 9. Bd3 Nd5 10. Qxd8+ Rxd8 11. a3 Be7 12. Ne2 e5 13. Bc4 Bf6 14. dxe5
Nxe5 15. Ba2 O-O 16. Ng3 Rfe8 17. O-O Ng6 18. Nh5 Be5 19. Bg5 f6 20. Be3 b6 21.
c3 Kf8 22. Bxd5 Rxd5 23. g4 f5 24. gxf5 Nh4 25. f6 gxf6 26. Rfd1 Kf7 27. Rxd5
cxd5 28. Rd1 Nf5 29. Rxd5 Rg8+ 30. Kf1 Nxe3+ 31. fxe3 Ke6 32. Rd3 Kf5 33. Rd7
Ke4 34. Kf2 a5 35. Nf4 h6 36. a4 Rb8 37. Rd5 Rc8 38. Rb5 Rc4 39. Rxb6 Rxa4 40.
Ng6 h5 41. Nxe5 fxe5 42. Ke2 Ra1 43. Rc6 Ra2 44. Rc4+ Kf5 45. Kf3 Rxb2 46. e4+
Kg5 47. Rc5 a4 48. Rxe5+ Kh4 49. Ra5 Rc2 50. Rxa4 Rxc3+ 51. Kf4 Kxh3 52. Ra1
Kg2 53. Ra2+ Kh3 54. e5 h4 55. Re2 Rc4+ 56. Kf3 Rc8 57. e6 Rf8+ 58. Ke4 Kg3 59.
Re3+ Kg2 60. e7 Re8 61. Kf4 h3 62. Re2+ Kf1 63. Kf3 Rxe7 64. Rxe7 h2 65. Rh7
Kg1 66. Rg7+ Kf1 67. Rh7 Kg1 68. Rxh2 Kxh2 1/2-1/2

[Event "47. Memorial Capablanca - Elite"]
[Site "La Habana CUB"]
[Date "2012.05.14"]
[Round "10.1"]
[White "Potkin, Vladimir"]
[Black "Quesada Perez, Yuniesky"]
[Result "1/2-1/2"]
[WhiteElo "2642"]
[BlackElo "2625"]
[PlyCount "85"]
[EventDate "2012.05.04"]
[EventType "tourn"]
[EventRounds "10"]
[EventCountry "CUB"]
[Source "lmi"]
[SourceDate "2012.05.04"]

1. d4 Nf6 2. c4 e6 3. Nc3 Bb4 4. e3 O-O 5. Bd3 d5 6. Nf3 c5 7. O-O Nc6 8. a3
Ba5 9. h3 dxc4 10. Bxc4 h6 11. Qd3 cxd4 12. exd4 Bc7 13. Rd1 b6 14. d5 exd5 15.
Nxd5 Be6 16. Nxc7 Bxc4 17. Qc2 Qxc7 18. Qxc4 Rac8 19. Bf4 Qb7 20. Qb5 a6 21.
Qf5 Ne7 22. Qd3 Ng6 23. Be3 Rfe8 24. a4 Ne5 25. Nxe5 Rxe5 26. Qd4 Re6 27. Rac1
Rxc1 28. Rxc1 Nd5 29. Bd2 Rg6 30. Qe4 Qd7 31. Rc4 Rd6 32. Qc2 Ne7 33. Bf4 Rc6
34. Rxc6 Nxc6 35. Be3 b5 36. axb5 axb5 37. Qc5 Nd8 38. h4 Ne6 39. Qe5 Qc6 40.
h5 Qd7 41. Kh2 Qd3 42. Qb8+ Kh7 43. Qe5 1/2-1/2